000 00286nam a22000977a 4500
005 20250901165505.0
008 210512b |||||||| |||| 00| 0 eng d
050 _aT 58.6 .L83 2005
245 _aManagement information systems
_cLUCEY, TERRY
942 _2lcc
_hT 58.6 .L83 2005
999 _c4800
_d4800